<?xml version="1.0" encoding="UTF-8"?>
<record
    xmlns:xsi="http://www.w3.org/2001/XMLSchema-instance"
    xsi:schemaLocation="http://www.loc.gov/MARC21/slim http://www.loc.gov/standards/marcxml/schema/MARC21slim.xsd"
    xmlns="http://www.loc.gov/MARC21/slim">

  <leader>01975nam a22003375i 4500</leader>
  <controlfield tag="001">155330</controlfield>
  <controlfield tag="003">ES-MaACL</controlfield>
  <controlfield tag="005">20250808063534.0</controlfield>
  <controlfield tag="008">970623m18421852sp c         |||| | spa d</controlfield>
  <datafield tag="040" ind1=" " ind2=" ">
    <subfield code="a">CYL </subfield>
    <subfield code="b">spa </subfield>
    <subfield code="c">CYL</subfield>
  </datafield>
  <datafield tag="080" ind1=" " ind2=" ">
    <subfield code="a">016:61(460) </subfield>
  </datafield>
  <datafield tag="080" ind1=" " ind2=" ">
    <subfield code="a">61(460)(091) </subfield>
  </datafield>
  <datafield tag="100" ind1="1" ind2=" ">
    <subfield code="a">Hern&#xE1;ndez Morej&#xF3;n, Antonio,</subfield>
    <subfield code="d">1773-1836</subfield>
    <subfield code="e">aut</subfield>
    <subfield code="9">127901</subfield>
  </datafield>
  <datafield tag="245" ind1="1" ind2="0">
    <subfield code="a">Historia bibliogr&#xE1;fica de la medicina espa&#xF1;ola / </subfield>
    <subfield code="c">obra p&#xF3;stuma de D. Antonio Hern&#xE1;ndez Morej&#xF3;n</subfield>
  </datafield>
  <datafield tag="260" ind1=" " ind2=" ">
    <subfield code="a">Madrid : </subfield>
    <subfield code="b">[s.n.], </subfield>
    <subfield code="c">1842-1852</subfield>
    <subfield code="f">(Imp. de la Viuda de Jord&#xE1;n e Hijos)</subfield>
  </datafield>
  <datafield tag="300" ind1=" " ind2=" ">
    <subfield code="a">7 vol&#xFA;menes : </subfield>
    <subfield code="b">retratos ; </subfield>
    <subfield code="c">20 cm</subfield>
  </datafield>
  <datafield tag="490" ind1="1" ind2=" ">
    <subfield code="a">Biblioteca escogida de medicina y cirug&#xED;a o Colecci&#xF3;n de las mejores obras de esta ciencia</subfield>
    <subfield code="v">17-23</subfield>
    <subfield code="9">241606</subfield>
  </datafield>
  <datafield tag="530" ind1=" " ind2=" ">
    <subfield code="a">Disponible en formato digital </subfield>
  </datafield>
  <datafield tag="596" ind1=" " ind2="1">
    <subfield code="a">Vol. VI editado por: Imp. a cargo de Celestino G. &#xC1;lvarez</subfield>
    <subfield code="a">Vol. VII editado por: Imp. a cargo de Jos&#xE9; Rodr&#xED;guez</subfield>
    <subfield code="a">En todos los vol&#xFA;menes ha sido recortado el nombre del impresor y en el v. I se ha reintegrado un pie de imp. que no corresponde a la obra </subfield>
  </datafield>
  <datafield tag="597" ind1=" " ind2="1">
    <subfield code="a">Vol. I (399 p&#xE1;ginas, [1] hoja de l&#xE1;mina) - v. II (381 p&#xE1;ginas) - v. III (426 p&#xE1;ginas, [1] hoja de l&#xE1;mina) - v. IV (382 p&#xE1;ginas, [1] hoja de l&#xE1;mina) - v. V (388 p&#xE1;ginas) - v. VI (484 p&#xE1;ginas) - v. VII (438 p&#xE1;ginas)</subfield>
  </datafield>
  <datafield tag="599" ind1=" " ind2="1">
    <subfield code="a">L&#xE1;minas: grabados litogr&#xE1;ficos "Lit. de J. Arag&#xF3;n. Leopoldo L&#xF3;pez lo lit.", retratos del autor, Vall&#xE9;s y Laguna</subfield>
  </datafield>
  <datafield tag="650" ind1=" " ind2="4">
    <subfield code="a">Medicina-</subfield>
    <subfield code="z">Espa&#xF1;a-</subfield>
    <subfield code="v">Bibliograf&#xED;as</subfield>
    <subfield code="9">14902</subfield>
  </datafield>
  <datafield tag="650" ind1=" " ind2="4">
    <subfield code="a">Medicina-</subfield>
    <subfield code="z">Espa&#xF1;a-</subfield>
    <subfield code="v">Historia</subfield>
    <subfield code="9">14903</subfield>
  </datafield>
  <datafield tag="655" ind1=" " ind2="7">
    <subfield code="a">Bibliograf&#xED;as</subfield>
    <subfield code="2">tgfbne</subfield>
    <subfield code="9">226825</subfield>
  </datafield>
  <datafield tag="830" ind1=" " ind2="0">
    <subfield code="a">Biblioteca escogida de medicina y cirug&#xED;a o Colecci&#xF3;n de las mejores obras de esta ciencia</subfield>
    <subfield code="9">241606</subfield>
  </datafield>
  <datafield tag="852" ind1=" " ind2=" ">
    <subfield code="a">ES-MaACL</subfield>
    <subfield code="c">SPP3</subfield>
    <subfield code="j">G-15282-88 </subfield>
    <subfield code="x">Holandesa</subfield>
  </datafield>
  <datafield tag="856" ind1="4" ind2=" ">
    <subfield code="u">https://bdh-rd.bne.es/viewer.vm?id=0000140939&amp;page=1</subfield>
    <subfield code="y">Versi&#xF3;n en l&#xED;nea</subfield>
    <subfield code="z">(Biblioteca Digital Hisp&#xE1;nica)</subfield>
  </datafield>
  <datafield tag="942" ind1=" " ind2=" ">
    <subfield code="2">udc</subfield>
    <subfield code="c">MONANT</subfield>
    <subfield code="n">0</subfield>
  </datafield>
  <datafield tag="999" ind1=" " ind2=" ">
    <subfield code="c">155330</subfield>
    <subfield code="d">155330</subfield>
  </datafield>
  <datafield tag="952" ind1=" " ind2=" ">
    <subfield code="0">0</subfield>
    <subfield code="1">0</subfield>
    <subfield code="4">0</subfield>
    <subfield code="7">0</subfield>
    <subfield code="8">LIBXIX</subfield>
    <subfield code="a">ATENEOM</subfield>
    <subfield code="b">ATENEOM</subfield>
    <subfield code="c">SPP3</subfield>
    <subfield code="d">2008-01-17</subfield>
    <subfield code="l">0</subfield>
    <subfield code="o">G-15282-88</subfield>
    <subfield code="p">1162482</subfield>
    <subfield code="r">2023-02-23 00:00:00</subfield>
    <subfield code="w">2023-02-23</subfield>
    <subfield code="y">MONANT</subfield>
  </datafield>
</record>
